| 000 | 00372nam a2200145Ia 4500 | ||
|---|---|---|---|
| 008 | 230917s9999||||xx |||||||||||||| ||und|| | ||
| 040 |
_e127868 _aMAIN |
||
| 041 | _aEnglish | ||
| 082 | _a417.0954 R137P | ||
| 100 | _aRajgor, Dilip | ||
| 245 | 0 | _aPalaeolinguistic profile of Brahmi script. | |
| 260 |
_aDelhi _bPratibha Prakashan _c2000 |
||
| 300 | _a89 p. | ||
| 942 | _cBK | ||
| 999 |
_c138592 _d138592 |
||